Statistics for Unique EPL Nationalities(Hard)

Click here to take the quiz!

General Stats

  • This quiz has been taken 3 times
  • The average score is 2 of 15

Answer Stats

CountryClubYearsAnswer% Correct
KenyaSouthampton,Tottenham2013-20Victor Wanyama
67%
ArmeniaManchester United ,Arsenal2016-20Henrikh Mkhitaryan
33%
IndonesiaSwansea2013-17Jordi Amat
33%
PhilippinesCardiff City2018-19Neil Etheridge
33%
CubaNorwich City2019-20Onel Hernandez
33%
OmanBolton Wanderers,Wigan Athletic2007-08 2010-13Ali Al-Habsi
0%
MaltaLeeds United1992-93Dylan Kerr
0%
Central African RepublicBurnley2009-10Frederic Nimani
0%
Faroe IslandsManchester City2009-10Gunnar Nielsen
0%
TanzaniaAston Villa2019-20Mbwana Samatta
0%
Guinea BissauFulham2013-14Mesca
0%
The GambiaSwansea2014-17Moudou Barrow
0%
GuatemalaCardiff City2018-19Nathaniel Mendez-Laing
0%
SurinameWBA2008-09Ryan Donk
0%
PakistanFulham2003-06Zesh Rehman
0%

Score Distribution

Percentile by Number Answered

Percent of People with Each Score

Your Score History

You have not taken this quiz